[Event "ESP-chT CECLUB Div1"]
[Site "Linares"]
[Date "2021.09.13"]
[Round "6.1"]
[White "Quispe Arteaga, Gabriel"]
[Black "Alonso Moyano, Jonathan"]
[Result "1/2-1/2"]
[WhiteElo "2394"]
[BlackElo "2341"]
[PlyCount "99"]
[EventDate "2021.09.08"]
[EventType "team-tourn"]
[EventRounds "7"]
[EventCountry "ESP"]
[SourceTitle "CBM 204 Extra"]
[Source "ChessBase"]
[SourceDate "2021.11.30"]
[SourceVersion "1"]
[SourceVersionDate "2021.11.30"]
[SourceQuality "1"]
[WhiteTeam "Collado Villalba"]
[BlackTeam "Barbera"]
[WhiteTeamCountry "ESP"]
[BlackTeamCountry "ESP"]

1. d4 d5 2. c4 c6 3. Nc3 Nf6 4. e3 a6 5. Qb3 Ra7 6. c5 e5 7. Be2 Nbd7 8. Qc2 g6 9. Nf3 Qe7 10. b3 Bg7 11. Bb2 e4 12. Nd2 Nf8 13. Na4 Bg4 14. Nb6 Bxe2 15. Kxe2 Qe6 16. f3 exf3+ 17. gxf3 h6 18. Rae1 N8h7 19. h4 0-0 20. Kd1 Nd7 21. Nxd7 Qxd7 22. Nf1 h5 23. Qd3 a5 24. Kc2 Rb8 25. Bc3 b6 26. cxb6 Rxb6 27. e4 Nf8 28. Ng3 Ne6 29. Ne2 a4 30. b4 a3 31. Rb1 Bf8 32. Rb3 Rb5 33. e5 Ra4 34. Rhb1 Qb7 35. f4 Bxb4 36. f5 gxf5 37. Rg1+ Kf8 38. Qd2 Qe7 39. Qh6+ Ke8 40. Nf4 Qxh4 41. Nxe6 Qf2+ 42. Bd2 Kd7 43. Rxb4 Raxb4 44. Nf8+ Kc7 45. Qd6+ Kb7 46. Qd7+ Kb6 47. Qd8+ Kb7 48. Qd7+ Kb6 49. Qd8+ Kb7 50. Qd7+ 1/2-1/2

[Event "ESP-chT CECLUB Div1"]
[Site "Linares"]
[Date "2021.09.12"]
[Round "5.1"]
[White "Alonso Moyano, Jonathan"]
[Black "Martinez Fernandez, Adrian"]
[Result "1/2-1/2"]
[WhiteElo "2341"]
[BlackElo "2318"]
[PlyCount "95"]
[EventDate "2021.09.08"]
[EventType "team-tourn"]
[EventRounds "7"]
[EventCountry "ESP"]
[SourceTitle "CBM 204 Extra"]
[Source "ChessBase"]
[SourceDate "2021.11.30"]
[SourceVersion "1"]
[SourceVersionDate "2021.11.30"]
[SourceQuality "1"]
[WhiteTeam "Barbera"]
[BlackTeam "Barcelona CE"]
[WhiteTeamCountry "ESP"]
[BlackTeamCountry "ESP"]

1. e4 c5 2. Nc3 g6 3. g3 Bg7 4. Bg2 Nc6 5. d3 Rb8 6. Nh3 b5 7. f4 b4 8. Nd5 e6 9. Ne3 Nge7 10. 0-0 f5 11. e5 d6 12. exd6 Qxd6 13. Nc4 Qc7 14. Ng5 0-0 15. Re1 Nd4 16. Bd2 Nec6 17. c3 bxc3 18. bxc3 h6 19. Nf3 Nxf3+ 20. Qxf3 Na5 21. Ne5 Rb2 22. Re2 Rd8 23. Nxg6 Nc4 24. Be1 Kh7 25. Nh4 Rxe2 26. Qxe2 Nb6 27. Nf3 Qd6 28. Rd1 Nc4 29. d4 Ba6 30. Bf1 Bb7 31. Bf2 Be4 32. Bg2 Qd5 33. Nh4 Bxg2 34. Nxg2 a5 35. a4 Rd6 36. Nh4 Bf6 37. Nf3 Nb2 38. Ra1 c4 39. Ne5 Bxe5 40. dxe5 Qd2 41. Qh5 Rd7 42. Qe8 Nd1 43. Ra2 Qd5 44. Bd4 Rb7 45. Ra1 Rb2 46. Qf7+ Kh8 47. Qf8+ Kh7 48. Qf7+ 1/2-1/2

[Event "ESP-chT CECLUB Div1"]
[Site "Linares"]
[Date "2021.09.10"]
[Round "3.1"]
[White "Alonso Moyano, Jonathan"]
[Black "Abal Cores, Lucas"]
[Result "1-0"]
[WhiteElo "2341"]
[BlackElo "2317"]
[PlyCount "93"]
[EventDate "2021.09.08"]
[EventType "team-tourn"]
[EventRounds "7"]
[EventCountry "ESP"]
[SourceTitle "CBM 204 Extra"]
[Source "ChessBase"]
[SourceDate "2021.11.30"]
[SourceVersion "1"]
[SourceVersionDate "2021.11.30"]
[SourceQuality "1"]
[WhiteTeam "Barbera"]
[BlackTeam "Sanxenxo Fontecarmoa"]
[WhiteTeamCountry "ESP"]
[BlackTeamCountry "ESP"]

1. e4 c5 2. Nc3 Nc6 3. Bb5 Nd4 4. Bc4 e6 5. Nge2 a6 6. a4 Nf6 7. d3 d5 8. exd5 exd5 9. Ba2 Bg4 10. f3 Be6 11. Nxd4 cxd4 12. Ne2 Bc5 13. 0-0 0-0 14. Qe1 Re8 15. b4 Bf8 16. Bd2 Bd7 17. Bb3 Qb6 18. a5 Qc7 19. Qf2 Bd6 20. g3 h5 21. Nxd4 h4 22. f4 hxg3 23. hxg3 g6 24. Kg2 Kg7 25. Rh1 Rh8 26. Rxh8 Rxh8 27. Rh1 Qc8 28. Nf3 Rxh1 29. Kxh1 d4 30. Kg1 Qh8 31. Qh2 Qf8 32. Ng5 Bxb4 33. Nxf7 Nh5 34. Bxb4 Qxb4 35. Qe2 Nf6 36. Ng5 Bg4 37. Qe5 Qa3 38. Kf2 Bf5 39. g4 Bxg4 40. Ne4 Qf8 41. Qxd4 Bf5 42. Qxf6+ Qxf6 43. Nxf6 Kxf6 44. Bd5 Bc8 45. Ke3 Ke7 46. Kd4 Kd6 47. Be4 1-0

[Event "ESP-chT CECLUB Div1"]
[Site "Linares"]
[Date "2021.09.09"]
[Round "2.1"]
[White "Almagro Llamas, Pablo"]
[Black "Alonso Moyano, Jonathan"]
[Result "1-0"]
[WhiteElo "2413"]
[BlackElo "2341"]
[PlyCount "51"]
[EventDate "2021.09.08"]
[EventType "team-tourn"]
[EventRounds "7"]
[EventCountry "ESP"]
[SourceTitle "CBM 204 Extra"]
[Source "ChessBase"]
[SourceDate "2021.11.30"]
[SourceVersion "1"]
[SourceVersionDate "2021.11.30"]
[SourceQuality "1"]
[WhiteTeam "Virgen de Atocha"]
[BlackTeam "Barbera"]
[WhiteTeamCountry "ESP"]
[BlackTeamCountry "ESP"]

1. c4 e5 2. g3 Nc6 3. Bg2 f5 4. Nc3 Nf6 5. d3 d6 6. Rb1 a5 7. a3 Be7 8. e3 0-0 9. Nge2 Qe8 10. 0-0 h5 11. Nd5 Bd8 12. f4 Ne7 13. Nxf6+ Rxf6 14. e4 Qg6 15. Kh1 h4 16. gxh4 fxe4 17. dxe4 Bg4 18. Qd3 Qh5 19. Bf3 Bxf3+ 20. Rxf3 exf4 21. Bxf4 Rf7 22. Rbf1 Rb8 23. Bg5 Rxf3 24. Rxf3 Ng6 25. Bxd8 Rxd8 26. Rf5 1-0

[Event "ESP-chT CECLUB Div1"]
[Site "Linares"]
[Date "2020.10.07"]
[Round "5.2"]
[White "Glavina, Pablo"]
[Black "Alonso Moyano, Jonathan"]
[Result "1-0"]
[WhiteElo "2412"]
[BlackElo "2334"]
[PlyCount "97"]
[EventDate "2020.10.03"]
[EventType "team-tourn"]
[EventRounds "7"]
[EventCountry "ESP"]
[SourceTitle "CBM 198 Extra"]
[Source "ChessBase"]
[SourceDate "2020.11.30"]
[SourceVersion "1"]
[SourceVersionDate "2020.11.30"]
[SourceQuality "1"]
[WhiteTeam "Stadium Casablanca"]
[BlackTeam "Barbera"]
[WhiteTeamCountry "ESP"]
[BlackTeamCountry "ESP"]

1. c4 e5 2. Nc3 Nf6 3. Nf3 Nc6 4. e4 Bb4 5. d3 0-0 6. Be2 d6 7. 0-0 Bc5 8. Nd2 Nd4 9. Nb3 Nxb3 10. axb3 c6 11. Kh1 Bd4 12. f4 exf4 13. Bxf4 Be6 14. Qe1 Ne8 15. Qg3 Qd7 16. Be3 Bxe3 17. Qxe3 d5 18. exd5 cxd5 19. Rf4 dxc4 20. bxc4 a6 21. d4 Nd6 22. d5 Bf5 23. c5 Nb5 24. Bf3 Rfe8 25. Qd2 Re5 26. g4 Bg6 27. Nxb5 Qxb5 28. Qb4 Qd3 29. Qd4 Rae8 30. Qxd3 Bxd3 31. b4 Kf8 32. d6 Be4 33. Bxe4 Rxe4 34. Rxe4 Rxe4 35. b5 axb5 36. Ra8+ Re8 37. Ra5 Rc8 38. Rxb5 Ke8 39. Kg2 b6 40. cxb6 Kd7 41. b7 Rb8 42. Rb6 Ke6 43. Kf3 h6 44. Ke4 g6 45. Kd4 f5 46. gxf5+ gxf5 47. h3 Kf6 48. Kd5 f4 49. Ke4 1-0

[Event "ESP-chT CECLUB Div1"]
[Site "Linares"]
[Date "2020.10.06"]
[Round "4.2"]
[White "Alonso Moyano, Jonathan"]
[Black "Brunello, Sabino"]
[Result "1/2-1/2"]
[WhiteElo "2334"]
[BlackElo "2532"]
[PlyCount "90"]
[EventDate "2020.10.03"]
[EventType "team-tourn"]
[EventRounds "7"]
[EventCountry "ESP"]
[SourceTitle "CBM 198 Extra"]
[Source "ChessBase"]
[SourceDate "2020.11.30"]
[SourceVersion "1"]
[SourceVersionDate "2020.11.30"]
[SourceQuality "1"]
[WhiteTeam "Barbera"]
[BlackTeam "Ourense Deportivo"]
[WhiteTeamCountry "ESP"]
[BlackTeamCountry "ESP"]

1. e4 c6 2. d4 d5 3. e5 Bf5 4. Nf3 e6 5. Be2 Nd7 6. 0-0 h6 7. Nbd2 Ne7 8. Nb3 Qc7 9. Bd2 g5 10. Ne1 c5 11. Nxc5 Nxc5 12. dxc5 Bg7 13. Bb5+ Kf8 14. Nf3 Qxc5 15. Be2 Nc6 16. Bc3 Be4 17. Re1 Rd8 18. Nd2 Qb6 19. Bf3 Bxf3 20. Nxf3 d4 21. Bd2 Rd5 22. c4 dxc3 23. bxc3 g4 24. Rb1 Qd8 25. Nd4 Nxd4 26. cxd4 Rxd4 27. Bb4+ Kg8 28. Qe2 b6 29. Bd6 Qg5 30. Qa6 Qf5 31. Qxa7 Rd2 32. Qxb6 Rxa2 33. Qe3 Kh7 34. Rb4 Rha8 35. Rf4 Qg6 36. h3 gxh3 37. Qxh3 Ra1 38. Rxa1 Rxa1+ 39. Kh2 Re1 40. Qg3 Qh5+ 41. Rh4 Qd1 42. Qf4 Rh1+ 43. Kg3 Qd3+ 44. f3 Rxh4 45. Kxh4 Qg6 1/2-1/2

[Event "Barbera del Valles"]
[Site "Barbera del Valles"]
[Date "2020.07.??"]
[Round "6"]
[White "Alonso Moyano, Jonathan"]
[Black "Arnaudov, Petar G"]
[Result "0-1"]
[WhiteElo "2344"]
[BlackElo "2473"]
[PlyCount "70"]
[EventDate "2020.07.??"]
[EventType "tourn"]
[EventRounds "9"]
[EventCountry "ESP"]
[EventCategory "8"]
[SourceTitle "EXT 2024"]
[Source "ChessBase"]
[SourceDate "2023.10.10"]
[SourceVersion "1"]
[SourceVersionDate "2023.10.10"]
[SourceQuality "1"]

1. e4 c6 2. d4 d5 3. e5 Bf5 4. Nf3 e6 5. Be2 Ne7 6. 0-0 Ng6 7. c3 Nd7 8. Be3 f6 9. exf6 Qxf6 10. Ne1 Bd6 11. f4 0-0 12. g3 Rae8 13. Nd3 Qe7 14. Nd2 Nf6 15. Ne5 Ne4 16. Kg2 Nxd2 17. Qxd2 Be4+ 18. Kg1 Nxe5 19. fxe5 Bc7 20. Bg4 Rxf1+ 21. Rxf1 Rf8 22. Rxf8+ Kxf8 23. Qf2+ Ke8 24. h4 h6 25. a3 a5 26. a4 Qf7 27. Qe2 Kd7 28. b4 Qf8 29. Qd2 Bd8 30. Qb2 Qf7 31. bxa5 Qg6 32. Qxb7+ Bc7 33. Be2 Qxg3+ 34. Kf1 Bg2+ 35. Kg1 Bh3+ 0-1

[Event "Barbera del Valles"]
[Site "Barbera del Valles"]
[Date "2020.07.??"]
[Round "2"]
[White "Hernandez, Cristian Andres"]
[Black "Alonso Moyano, Jonathan"]
[Result "1-0"]
[WhiteElo "2352"]
[BlackElo "2344"]
[PlyCount "65"]
[EventDate "2020.07.??"]
[EventType "tourn"]
[EventRounds "9"]
[EventCountry "ESP"]
[EventCategory "8"]
[SourceTitle "EXT 2024"]
[Source "ChessBase"]
[SourceDate "2023.10.10"]
[SourceVersion "1"]
[SourceVersionDate "2023.10.10"]
[SourceQuality "1"]

1. e4 c5 2. Nf3 d6 3. d4 Nf6 4. Nc3 cxd4 5. Nxd4 a6 6. Bg5 Nbd7 7. f4 h6 8. Bxf6 Nxf6 9. e5 dxe5 10. fxe5 Ng4 11. e6 Bxe6 12. Nxe6 Qxd1+ 13. Rxd1 fxe6 14. Be2 Ne5 15. 0-0 g6 16. Ne4 Rc8 17. c3 Bg7 18. h4 Rf8 19. Rxf8+ Kxf8 20. Kf2 Bf6 21. g3 Kf7 22. Ke3 a5 23. Rd6 Rc6 24. Rd8 a4 25. Ra8 Rb6 26. Rxa4 Rxb2 27. Rb4 Rxb4 28. cxb4 Nc6 29. b5 Nb4 30. Nc5 b6 31. Na4 Be5 32. Nxb6 Nxa2 33. g4 1-0

[Event "Catalunya-chT Gp2"]
[Site "Barcelona"]
[Date "2020.02.08"]
[Round "4.6"]
[White "Alonso Moyano, Jonathan"]
[Black "Fernandez Perez, Didier"]
[Result "0-1"]
[WhiteElo "2344"]
[BlackElo "2209"]
[PlyCount "128"]
[EventDate "2020.01.18"]
[EventType "team-tourn"]
[EventRounds "7"]
[EventCountry "ESP"]
[SourceTitle "CBM 194 Extra"]
[Source "ChessBase"]
[SourceDate "2020.03.31"]
[SourceVersion "1"]
[SourceVersionDate "2020.03.31"]
[SourceQuality "1"]
[WhiteTeam "Barbera"]
[BlackTeam "Figueres"]
[WhiteTeamCountry "ESP"]
[BlackTeamCountry "ESP"]

1. e4 d5 2. exd5 Qxd5 3. Nc3 Qd6 4. d4 Nf6 5. Bd3 Bg4 6. f3 Bh5 7. Nge2 c6 8. 0-0 e6 9. Ne4 Qd8 10. c4 Be7 11. Be3 Nbd7 12. Nf4 0-0 13. Ng5 Bg6 14. Nxg6 hxg6 15. f4 c5 16. Kh1 cxd4 17. Bxd4 Nc5 18. Bc2 a5 19. Qd2 Qd6 20. Rad1 Rfd8 21. Qc3 Qc6 22. b3 Rd7 23. Nf3 Qc7 24. Ne5 Rdd8 25. Qe3 Bf8 26. Rfe1 Re8 27. Rd2 Ncd7 28. Red1 Bb4 29. Rd3 Nc5 30. Bxc5 Bxc5 31. Qf3 Be7 32. g3 Rad8 33. Kg2 Rxd3 34. Rxd3 Rd8 35. Rxd8+ Bxd8 36. Qd3 Be7 37. h4 Bd6 38. Nf3 e5 39. Nxe5 Bxe5 40. fxe5 Qxe5 41. Kh3 Qe1 42. Qf3 b6 43. Bd3 Qa1 44. a4 Qc3 45. Be2 Qe5 46. g4 Nd7 47. c5 Nxc5 48. Bc4 Ne6 49. Kg2 Qb2+ 50. Kh3 Qe5 51. Kg2 Qf6 52. Qa8+ Kh7 53. Qb7 Qxh4 54. Bxe6 fxe6 55. Qxb6 Qxg4+ 56. Kf2 Qf5+ 57. Kg2 g5 58. Kg3 Qe5+ 59. Kg2 g4 60. Qb5 Qd5+ 61. Kg3 Qf3+ 62. Kh4 Qh3+ 63. Kg5 g3 64. Qd3+ Qf5+ 0-1

[Event "ESP-chT CECLUB Div1"]
[Site "Linares"]
[Date "2019.09.01"]
[Round "7.3"]
[White "Henderson de la Fuente, Lance"]
[Black "Alonso Moyano, Jonathan"]
[Result "1-0"]
[WhiteElo "2487"]
[BlackElo "2358"]
[PlyCount "93"]
[EventDate "2019.08.26"]
[EventType "team-tourn"]
[EventRounds "7"]
[EventCountry "ESP"]
[SourceTitle "EXT 2020"]
[Source "ChessBase"]
[SourceDate "2019.10.17"]
[SourceVersion "1"]
[SourceVersionDate "2019.10.17"]
[SourceQuality "1"]
[WhiteTeam "Silla Bosch Serinsys"]
[BlackTeam "Barbera"]
[WhiteTeamCountry "ESP"]
[BlackTeamCountry "ESP"]

1. e4 c5 2. Nf3 d6 3. d4 Nf6 4. Nc3 cxd4 5. Nxd4 a6 6. Bg5 Nbd7 7. Qe2 e6 8. 0-0-0 Be7 9. Be3 h5 10. g3 Qc7 11. Bg2 g6 12. Kb1 e5 13. Nb3 b5 14. f4 b4 15. Nd5 Nxd5 16. exd5 a5 17. Rhe1 0-0 18. Nc1 exf4 19. Bxf4 Bf6 20. Bh6 Ba6 21. Qf2 Rfe8 22. Rxe8+ Rxe8 23. Bf1 Bxf1 24. Rxf1 Re5 25. Nd3 Rxd5 26. Qe3 Qd8 27. Qe4 Rd4 28. Qf3 Qe7 29. Qa8+ Kh7 30. Bc1 Nc5 31. Nf4 Qe4 32. Qf8 Qe7 33. Qa8 Bg7 34. Qxa5 Ne4 35. Nd3 f5 36. Qb5 d5 37. Rd1 Nc5 38. Re1 Re4 39. Rxe4 Nxe4 40. Qxb4 Qa7 41. a4 Qg1 42. a5 Qxh2 43. a6 Qg1 44. Qb7 Nd6 45. Qd7 Nc4 46. a7 Nb6 47. Qb7 1-0

[Event "ESP-chT CECLUB Div1"]
[Site "Linares"]
[Date "2019.08.31"]
[Round "6.3"]
[White "Alonso Moyano, Jonathan"]
[Black "Cuenca Jimenez, Jose Fernando"]
[Result "0-1"]
[WhiteElo "2358"]
[BlackElo "2515"]
[PlyCount "74"]
[EventDate "2019.08.26"]
[EventType "team-tourn"]
[EventRounds "7"]
[EventCountry "ESP"]
[SourceTitle "EXT 2020"]
[Source "ChessBase"]
[SourceDate "2019.10.17"]
[SourceVersion "1"]
[SourceVersionDate "2019.10.17"]
[SourceQuality "1"]
[WhiteTeam "Barbera"]
[BlackTeam "Oromana Schneider Electric"]
[WhiteTeamCountry "ESP"]
[BlackTeamCountry "ESP"]

1. e4 e5 2. Nf3 Nc6 3. d4 exd4 4. Nxd4 Bc5 5. Nxc6 bxc6 6. Bd3 d6 7. 0-0 Nf6 8. h3 Nd7 9. Qe2 0-0 10. Be3 Bb6 11. Nc3 Re8 12. Rfe1 Ne5 13. f4 Nxd3 14. cxd3 d5 15. Bxb6 axb6 16. a3 d4 17. Nb1 Qh4 18. Rf1 f5 19. Nd2 c5 20. Kh2 Bb7 21. g3 Qe7 22. e5 Qe6 23. h4 h6 24. Rae1 Re7 25. Nf3 Rd8 26. h5 c4 27. Nh4 cxd3 28. Qxd3 Be4 29. Qd2 c5 30. g4 c4 31. Rg1 Rc7 32. Rg3 Rdd7 33. gxf5 Bxf5 34. Qg2 Rf7 35. Rg1 c3 36. bxc3 dxc3 37. Rc1 c2 0-1

[Event "ESP-chT CECLUB Div1"]
[Site "Linares"]
[Date "2019.08.28"]
[Round "3.1"]
[White "Alonso Moyano, Jonathan"]
[Black "Rubio Mejia, Luis Ignacio"]
[Result "1/2-1/2"]
[WhiteElo "2358"]
[BlackElo "2435"]
[PlyCount "87"]
[EventDate "2019.08.26"]
[EventType "team-tourn"]
[EventRounds "7"]
[EventCountry "ESP"]
[SourceTitle "EXT 2020"]
[Source "ChessBase"]
[SourceDate "2019.10.17"]
[SourceVersion "1"]
[SourceVersionDate "2019.10.17"]
[SourceQuality "1"]
[WhiteTeam "Barbera"]
[BlackTeam "Virgen de Atocha"]
[WhiteTeamCountry "ESP"]
[BlackTeamCountry "ESP"]

1. e4 c6 2. Nf3 d5 3. d3 dxe4 4. dxe4 Qxd1+ 5. Kxd1 Bg4 6. Be2 Nd7 7. Ne1 Bxe2+ 8. Kxe2 e6 9. Be3 Bc5 10. Nd3 Bxe3 11. Kxe3 Ngf6 12. f3 Ke7 13. Nd2 Rac8 14. a4 Ne8 15. e5 f6 16. Rhe1 Nxe5 17. Nxe5 fxe5 18. Nc4 Nf6 19. Nxe5 Rhd8 20. c4 Nd7 21. Nd3 a5 22. Re2 c5 23. Rae1 Rc6 24. Kd2 Nf8 25. Kc3 b6 26. Re3 Rcd6 27. R1e2 Kf6 28. Nf2 Ke7 29. h4 g6 30. g3 Rd4 31. f4 h5 32. b3 R8d6 33. Kc2 Rd7 34. Re5 Kf7 35. Ne4 Ke7 36. Ng5 R7d6 37. f5 gxf5 38. Rxf5 Rd2+ 39. Rxd2 Rxd2+ 40. Kxd2 exf5 41. Nh3 Ne6 42. Ke3 Kf7 43. Nf4 Nxf4 44. gxf4 1/2-1/2

[Event "ESP-chT CECLUB Div1"]
[Site "Linares"]
[Date "2019.08.27"]
[Round "2.4"]
[White "Sarana, Alexey"]
[Black "Alonso Moyano, Jonathan"]
[Result "1-0"]
[WhiteElo "2655"]
[BlackElo "2358"]
[PlyCount "105"]
[EventDate "2019.08.26"]
[EventType "team-tourn"]
[EventRounds "7"]
[EventCountry "ESP"]
[SourceTitle "EXT 2020"]
[Source "ChessBase"]
[SourceDate "2019.10.17"]
[SourceVersion "1"]
[SourceVersionDate "2019.10.17"]
[SourceQuality "1"]
[WhiteTeam "Paterna Andreu"]
[BlackTeam "Barbera"]
[WhiteTeamCountry "ESP"]
[BlackTeamCountry "ESP"]

1. e4 c5 2. Nf3 d6 3. d4 Nf6 4. Nc3 cxd4 5. Nxd4 a6 6. Be3 e5 7. Nb3 Be7 8. f3 Be6 9. Qd2 Nbd7 10. g4 Nb6 11. 0-0-0 0-0 12. Qf2 Nfd7 13. Kb1 Rc8 14. Qd2 Qc7 15. h4 Nc4 16. Bxc4 Bxc4 17. Rh2 b5 18. Bg5 f6 19. Be3 Rf7 20. Nd5 Bxd5 21. Qxd5 Qc6 22. Qxc6 Rxc6 23. Na5 Rc7 24. h5 Rf8 25. b3 Rb8 26. c4 bxc4 27. Rc2 c3 28. Rd3 Rb5 29. Rcxc3 Rxc3 30. Rxc3 Kf7 31. Rc7 Ke6 32. Nc4 d5 33. Rc6+ Kf7 34. exd5 Rxd5 35. Rxa6 Rd1+ 36. Kc2 Rf1 37. Nd6+ Bxd6 38. Rxd6 Ke7 39. Rd3 Ke6 40. a4 e4 41. fxe4 Ne5 42. Rd2 Nxg4 43. Bc5 g6 44. hxg6 hxg6 45. a5 Ra1 46. b4 Ra2+ 47. Kc3 Rxd2 48. Kxd2 Kd7 49. a6 Kc8 50. b5 Ne5 51. b6 Nf7 52. b7+ Kb8 53. Bg1 1-0